Đã lưu trong:
| Tác giả chính: | |
|---|---|
| Tác giả của công ty: | |
| Định dạng: | Hội nghị đang tiến hành Sách |
| Các nhãn: |
Thêm thẻ
Không có thẻ, Là người đầu tiên thẻ bản ghi này!
|
| Thư viện lưu trữ: | Trung tâm Học liệu Lê Vũ Hùng, Trường Đại học Đồng Tháp |
|---|
| LEADER | 00683pam a22001938a 4500 | ||
|---|---|---|---|
| 001 | 00000842 | ||
| 005 | 20171026081022.0 | ||
| 008 | 110323s1981 ||||||Viesd | ||
| 041 | 0 | # | |a Câu hỏi và bài tập triết học |b Chủ nghĩa duy vật biện chưnngs |n Tập 1 |
| 041 | 0 | # | |a Vie |
| 082 | 1 | # | |a 146.076 |b C125H |
| 082 | 1 | 4 | |a H. |b SGK Mác_Lênin |c 1981 |
| 100 | 0 | # | |a 192 tr. |c 19 cm. |
| 110 | # | # | |2 Triết học |
| 111 | # | # | |a Triết học |a Chủ nghĩa duy vật biện chứng |
| 500 | # | # | |b Kho đọc |j KD.0000824 |
| 852 | # | # | |j KD.0000824 |
| 910 | |d 23/03/2011 | ||
| 980 | # | # | |a Trung tâm Học liệu Lê Vũ Hùng, Trường Đại học Đồng Tháp |